| 000 | 00411nam a2200157Ia 4500 | ||
|---|---|---|---|
| 008 | 210716s1984 xx 000 0 und d | ||
| 020 | _a053801220X | ||
| 041 | _aeng | ||
| 082 | _a657 FESP | ||
| 100 | _aFess, Philip E;Warren, Carl S. | ||
| 245 | _aAccounting principles. | ||
| 250 | _a14 | ||
| 260 |
_aNew Delhi _bSouth Western Publishing Company _c1984 |
||
| 300 | _axiii,1004 | ||
| 650 | _aAccounting(657) | ||
| 999 |
_c202476 _d202476 |
||